| 000 | 00933cam a2200241 4500 | ||
|---|---|---|---|
| 005 | 20150813135905.0 | ||
| 008 | 150813b mx ||||| |||| 00| 0 spa d | ||
| 020 | _a9684233043 | ||
| 050 | 0 | 4 |
_aBX1389 _bW96 1993 |
| 100 | 1 | _aWynn, Wilton | |
| 245 | 0 | 4 |
_aLos Guardianes de las llaves : _bJuan XXIII Paulo VI, Juan Pablo II tres que cambiaron la iglesia / _cWilton Wynn. |
| 250 | _a1a ed. | ||
| 260 |
_aMéxico : _bJUS, _c1993 |
||
| 300 |
_a323 p. ; _c21 cm. |
||
| 500 | _a1 ejemplar | ||
| 504 | _aIncluye índice | ||
| 600 | 1 | 7 |
_2LEMB _aXXIII, Juan, _cPapa, _d[1881-1963] _qAngelo Giuseppe Roncalli _xBiografía |
| 600 | 1 | 7 |
_2LEMB _aVI, Paulo, _cPapa, _d[1897-1978], _qGiovanni Battista Enrico Antonio Maria Montini _xBiografía |
| 600 | 1 | 7 |
_2LEMB _aII, Juan Pablo, _cPapa, _d[1920-2005], _q[Karol Józef Wojtyła] _xBiografía |
| 650 | 7 |
_2LEMB _aPapas _xBiografia _ySiglo XX |
|
| 700 | 1 |
_aMeneses Morales, Ernesto, _etr. |
|
| 942 |
_2lcc _cLIB |
||
| 999 |
_c61461 _d61461 |
||